Código de minería (Registro nro. 17885)

000 -CABECERA
campo de control de longitud fija 00730cam a22002774a 4500
001 - NÚMERO DE CONTROL
campo de control YPZ86859
003 - IDENTIFICADOR DEL NÚMERO DE CONTROL
campo de control YPZ
005 - FECHA Y HORA DE LA ÚLTIMA TRANSACCIÓN
campo de control 20230517093903.0
008 - DATOS DE LONGITUD FIJA--INFORMACIÓN GENERAL
campo de control de longitud fija 070827|###########||||||b||||||||||spa|d
020 ## - NÚMERO INTERNACIONAL ESTÁNDAR DEL LIBRO
Número Internacional Estándar del Libro 9505727119
040 ## - FUENTE DE LA CATALOGACIÓN
Centro/agencia transcriptor SIUNPA
Lengua de catalogación spa
Normas de descripción AACR2
041 ## - CÓDIGO DE LENGUA
Código de lengua del texto/banda sonora o título independiente spa
044 ## - CÓDIGO DEL PAÍS DE LA ENTIDAD EDITORA/PRODUCTORA
Código MARC del país ag
080 ## - NÚMERO DE LA CLASIFICACIÓN DECIMAL UNIVERSAL
Número de la Clasificación Decimal Universal 347.249 A691c
110 ## - ENTRADA PRINCIPAL--NOMBRE DE ENTIDAD CORPORATIVA
Nombre de entidad corporativa o nombre de jurisdicción como elemento de entrada Argentina. Leyes, etc..
240 ## - TÍTULO UNIFORME
Título uniforme Código de minería
245 ## - MENCIÓN DE TÍTULO
Título Código de minería
Mención de responsabilidad, etc. / edición al cuidado Marianela Chirinian
260 ## - PUBLICACIÓN, DISTRIBUCIÓN, ETC.
Lugar de publicación, distribución, etc. Buenos Aires
Nombre del editor, distribuidor, etc. : Zavalia
Fecha de publicación, distribución, etc. , 2006
300 ## - DESCRIPCIÓN FÍSICA
Extensión 355 p.
650 ## - PUNTO DE ACCESO ADICIONAL DE MATERIA--TÉRMINO DE MATERIA
Término de materia o nombre geográfico como elemento de entrada MINERIA
650 ## - PUNTO DE ACCESO ADICIONAL DE MATERIA--TÉRMINO DE MATERIA
Término de materia o nombre geográfico como elemento de entrada LEGISLACION
650 ## - PUNTO DE ACCESO ADICIONAL DE MATERIA--TÉRMINO DE MATERIA
Término de materia o nombre geográfico como elemento de entrada DECRETO 456/1997
651 #0 - PUNTO DE ACCESO ADICIONAL DE MATERIA--NOMBRE GEOGRÁFICO
9 (RLIN) 53
Nombre geográfico ARGENTINA
700 ## - PUNTO DE ACCESO ADICIONAL--NOMBRE DE PERSONA
Código de función/relación , ed. al cuidado
Nombre de persona Chirinian, Marianela
942 ## - ELEMENTOS DE PUNTO DE ACCESO ADICIONAL (KOHA)
Tipo de ítem Koha Libros
Fuente del sistema de clasificación o colocación
Existencias
Estado de retiro Estado de pérdida Fuente del sistema de clasificación o colocación Estado dañado No para préstamo Código de colección Localización permanente Ubicación/localización actual Fecha de adquisición Fuente de adquisición Coste, precio normal de compra Número de inventario Signatura topográfica completa Código de barras Fecha visto por última vez Número de copia Coste, precio de reemplazo Precio válido a partir de Tipo de ítem Koha
          Colección General SIUNPA Biblioteca Académica UART 2007-08-23 SIUNPA 22.00 03-32959 347.249 A691c 03-32959 2019-04-03 ej.1 22.00 2019-04-03 Libros
          Colección General SIUNPA Biblioteca Académica UART 2007-08-23 SIUNPA 22.00 03-32960 347.249 A691c 03-32960 2019-04-03 ej.2 22.00 2019-04-03 Libros